Contribución al conocimiento etnobotánico de la región amazónica: el chontaduro, una planta en el contexto cultural Huitoto (Registro nro. 11389)

Detalles MARC
000 -CABECERA
Campo de control 006840000a22001930004500
090 ## - CLASIFICACIÓN LOCAL
Colección AR
Consecutivo 02318
041 0# - IDIOMA
Código de idioma para texto/pista de sonido o título separado
100 1# - ASIENTO PRINCIPAL--NOMBRE PERSONAL
Nombre personal Macuritofe, Vicente
245 10 - MENCION DE TITULO
Título Contribución al conocimiento etnobotánico de la región amazónica: el chontaduro, una planta en el contexto cultural Huitoto
650 14 - ASIENTO SECUNDARIO DE MATERIA - TERMINO TEMATICO
Término temático o nombre geográfico como elemento de entrada Conocimiento tradicional
650 14 - ASIENTO SECUNDARIO DE MATERIA - TERMINO TEMATICO
Término temático o nombre geográfico como elemento de entrada indígenas
650 14 - ASIENTO SECUNDARIO DE MATERIA - TERMINO TEMATICO
Término temático o nombre geográfico como elemento de entrada Huitoto
650 14 - ASIENTO SECUNDARIO DE MATERIA - TERMINO TEMATICO
Término temático o nombre geográfico como elemento de entrada Antropología
651 #4 - ASIENTO SECUNDARIO DE MATERIA - NOMBRE GEOGRAFICO
-- Araracuara
-- Caquetá
-- Colombia
653 ## - TERMINO DE INDIZACION - NO CONTROLADO
-- Bactris
-- Bactris gassipaes
-- chontaduro
700 1# - ASIENTO SECUNDARIO - NOMBRE PERSONAL
Nombre personal Garzón, Nivia Cristina
773 1# - Item fuente:
Título Colombia Amazónica
Especificación de materiales 395
Descripción física 1
Paginas del Articulo 69-79
Lugar, editorial y fecha de publicación 1986
Información sobre la relación 2
942 ## - ELEMENTOS ADICIONALES (KOHA)
Tipo de ítem Artículo
Existencias
Withdrawn status Lost status Damaged status No para préstamo Colección Ubicación Permanente Ubicación actual Fecha de adquisición Fuente de Valor Datos de publicación Seriada Total Checkouts Número topográfico Inventario / Código de Barras Date last seen Ejemplar Price effective from Forma de adquisición Tipo de material
      No para Préstamo Hemeroteca Bogotá Bogotá 27/02/2015 Schmidt, Nubia de Fuera de circulación   AR 02318 012731 25/03/2015 1 25/03/2015   Artículo